Historia de la medicina

I tiakina i:
Ngā taipitopito rārangi puna kōrero
Kaituhi matua: Hayward, John A (Author)
Hōputu: Pukapuka
Reo:Pāniora
I whakaputaina: Ciudad de México Fondo de Cultura Económica 1965
Rangatū:Breviarios, 110
Ngā marau:
Ngā Tūtohu: Tāpirihia he Tūtohu
Kāore He Tūtohu, Me noho koe te mea tuatahi ki te tūtohu i tēnei pūkete!

MARC

LEADER 00000nam a2200000 a 4500
001 UCX1126
003 CL-VaPUC
008 900607e19650000MX |||||||||||||||||spa|d
082 0 4 |a 610.9  |b HAY  |2 21 
100 0 |a Hayward, John A  |e author  |9 316541 
245 1 0 |a Historia de la medicina 
300 |a 321 p 
942 |c BK 
945 |d 19900607 00:00:00 
260 |a Ciudad de México  |b Fondo de Cultura Económica  |c 1965 
650 7 |a MEDICINA HISTORIA  |2 CL-VaPUC  |9 316542 
583 |a last modification  |c 19900607 00:00:00  |k Rodrigo Vera 
490 0 |a Breviarios, 110 
999 |c 222442  |d 222440